|
|
|
|
| LEADER |
01516nam a2200397Ia 4500 |
| 001 |
EBC200592 |
| 003 |
MiAaPQ |
| 005 |
20200520144314.0 |
| 006 |
m o d | |
| 007 |
cr cn||||||||| |
| 008 |
030813s2004 enk sb 001 0 eng d |
| 010 |
|
|
|z 2003058642
|
| 020 |
|
|
|z 0203391020
|
| 020 |
|
|
|z 0415328764
|
| 035 |
|
|
|a (MiAaPQ)EBC200592
|
| 035 |
|
|
|a (Au-PeEL)EBL200592
|
| 035 |
|
|
|a (CaPaEBR)ebr10099995
|
| 035 |
|
|
|a (CaONFJC)MIL3611
|
| 035 |
|
|
|a (OCoLC)475911482
|
| 040 |
|
|
|a MiAaPQ
|c MiAaPQ
|d MiAaPQ
|
| 050 |
|
4 |
|a HG195
|b .D37 2004
|
| 082 |
0 |
4 |
|a 332/.042/091724
|2 22
|
| 100 |
1 |
|
|a Das, Dilip K.,
|d 1945-
|
| 245 |
1 |
0 |
|a Financial globalization and the emerging market economies
|h [electronic resource] /
|c Dilip K. Das.
|
| 260 |
|
|
|a London ;
|a New York :
|b Routledge,
|c 2004.
|
| 300 |
|
|
|a xiv, 203 p.
|
| 490 |
1 |
|
|a Routledge studies in the modern world economy ;
|v 45
|
| 504 |
|
|
|a Includes bibliographical references (p. [168]-200) and index.
|
| 533 |
|
|
|a Electronic reproduction. Ann Arbor, MI : ProQuest, 2015. Available via World Wide Web. Access may be limited to ProQuest affiliated libraries.
|
| 650 |
|
0 |
|a Finance
|z Developing countries.
|
| 650 |
|
0 |
|a Capital movements
|z Developing countries.
|
| 650 |
|
0 |
|a Investments, Foreign
|z Developing countries.
|
| 655 |
|
4 |
|a Electronic books.
|
| 710 |
2 |
|
|a ProQuest (Firm)
|
| 830 |
|
0 |
|a Routledge studies in the modern world economy ;
|v 45.
|
| 856 |
4 |
0 |
|u https://ebookcentral.proquest.com/lib/matrademy/detail.action?docID=200592
|z Click to View
|